<?xml version="1.0" encoding="UTF-8"?>
<record
    xmlns:xsi="http://www.w3.org/2001/XMLSchema-instance"
    xsi:schemaLocation="http://www.loc.gov/MARC21/slim http://www.loc.gov/standards/marcxml/schema/MARC21slim.xsd"
    xmlns="http://www.loc.gov/MARC21/slim">

  <leader>01153nam a22002657a 4500</leader>
  <controlfield tag="001">BRCA_9200</controlfield>
  <controlfield tag="003">FranzMayer</controlfield>
  <controlfield tag="005">20220809133307.0</controlfield>
  <controlfield tag="008">220712b        |||||||| |||| 00| 0 eng d</controlfield>
  <datafield tag="020" ind1=" " ind2=" ">
    <subfield code="a">9782940510313</subfield>
  </datafield>
  <datafield tag="040" ind1=" " ind2=" ">
    <subfield code="b">spa</subfield>
    <subfield code="c">MFM</subfield>
  </datafield>
  <datafield tag="041" ind1="1" ind2=" ">
    <subfield code="a">fre</subfield>
    <subfield code="a">eng</subfield>
  </datafield>
  <datafield tag="050" ind1=" " ind2=" ">
    <subfield code="a">TT502</subfield>
    <subfield code="b">F37 2018</subfield>
  </datafield>
  <datafield tag="245" ind1=" " ind2=" ">
    <subfield code="a">FashionHEAD :  </subfield>
    <subfield code="b">Une d&#xE9;cennie de mode &#xE0; la Haute &#xE9;cole d'art et de design - Gen&#xE8;ve 2007-2018 = A Decade of Fashion at Geneva School of Art and Design 2007-2018 / </subfield>
    <subfield code="c">ed. Nic Ulmi</subfield>
  </datafield>
  <datafield tag="260" ind1=" " ind2=" ">
    <subfield code="a">Ginebra, Suiza : </subfield>
    <subfield code="b">HEAD-Gen&#xE8;ve, </subfield>
    <subfield code="c">2018</subfield>
  </datafield>
  <datafield tag="300" ind1=" " ind2=" ">
    <subfield code="a">368 p. : </subfield>
    <subfield code="b">il. fot. col. ; </subfield>
    <subfield code="c">20 x 27 cm.</subfield>
  </datafield>
  <datafield tag="500" ind1=" " ind2=" ">
    <subfield code="a">Ubicaci&#xF3;n: L59-N5</subfield>
  </datafield>
  <datafield tag="504" ind1=" " ind2=" ">
    <subfield code="a">Bibliograf&#xED;a: p. 362</subfield>
  </datafield>
  <datafield tag="520" ind1=" " ind2=" ">
    <subfield code="a">FashionHEAD. Te lleva al laboratorio de HEAD-Gen&#xE8;ve: un lugar donde la moda reinventa su lugar. Este ejemplar se construye a partir de una selecci&#xF3;n de im&#xE1;genes y una serie de entrevistas a las personalidades que han hecho el Dise&#xF1;o de Moda en su escuela. - Proporcionado por el editor</subfield>
  </datafield>
  <datafield tag="546" ind1=" " ind2=" ">
    <subfield code="a">Franc&#xE9;s/Ingl&#xE9;s</subfield>
  </datafield>
  <datafield tag="650" ind1=" " ind2=" ">
    <subfield code="a">Moda</subfield>
    <subfield code="x">Dise&#xF1;o</subfield>
    <subfield code="9">28441</subfield>
  </datafield>
  <datafield tag="650" ind1=" " ind2=" ">
    <subfield code="a">Desfiles de moda</subfield>
    <subfield code="x">Dise&#xF1;o</subfield>
    <subfield code="9">28442</subfield>
  </datafield>
  <datafield tag="942" ind1=" " ind2=" ">
    <subfield code="2">lcc</subfield>
    <subfield code="c">B</subfield>
  </datafield>
  <datafield tag="999" ind1=" " ind2=" ">
    <subfield code="c">10819</subfield>
    <subfield code="d">10819</subfield>
  </datafield>
  <datafield tag="952" ind1=" " ind2=" ">
    <subfield code="0">0</subfield>
    <subfield code="1">0</subfield>
    <subfield code="2">lcc</subfield>
    <subfield code="4">0</subfield>
    <subfield code="7">0</subfield>
    <subfield code="a">BRCA</subfield>
    <subfield code="b">BRCA</subfield>
    <subfield code="d">2022-07-12</subfield>
    <subfield code="l">0</subfield>
    <subfield code="o">TT502 F37 2018</subfield>
    <subfield code="p">CONT9973</subfield>
    <subfield code="r">2022-07-12 00:00:00</subfield>
    <subfield code="w">2022-07-12</subfield>
    <subfield code="y">B</subfield>
  </datafield>
</record>
